Legendary Pokemon Quiz Stats

 Plays Quiz not verified by Sporcle

Score 0/51 Timer 05:00
0 Plays Today
Type Pokemon % Correct
Electric/FlyingZapdos
96.3%
Fire/FlyingMoltres
96.3%
Ice/FlyingArticuno
95.6%
PsychicMewtwo
95.6%
PsychicMew
95.6%
Fire/FlyingHo-oh
91.9%
Psychic/FlyingLugia
91.1%
WaterSuicune
89.6%
FireEntei
89.6%
GroundGroudon
89.6%
ElectricRaikou
88.1%
Dragon/PsychicLatias
88.1%
Dragon/PsychicLatios
88.1%
Dragon/FlyingRayquaza
88.1%
RockRegirock
87.4%
SteelRegisteel
87.4%
WaterKyogre
87.4%
IceRegice
86.7%
Psychic/GrassCelebi
85.2%
Water/DragonPalkia
84.4%
Steel/DragonDialga
83%
Ghost/DragonGiratina
82.2%
Psychic/SteelJirachi
80.7%
DarkDarkrai
80.7%
PsychicDeoxys Normal Form
79.3%
PsychicDeoxys Attack Form
79.3%
Type Pokemon % Correct
PsychicDeoxys Defence Form
79.3%
PsychicDeoxys Speed Form
79.3%
NormalArceus
76.3%
Fire/SteelHeatran
75.6%
GrassShaymin
74.1%
Fire/DragonReshiram
73.3%
PsychicAzelf
72.6%
PsychicUxie
72.6%
WaterManaphy
72.6%
PsychicMesprit
71.9%
Electric/DragonZekrom
71.1%
WaterPhione
70.4%
Ice/DragonKyurem
69.6%
Grass/FightingVirizion
68.9%
Rock/FightingTerrakion
68.9%
Bug/SteelGenesect
68.9%
PsychicCresselia
66.7%
NormalRegigigas
66.7%
Fire/PsychicVictini
66.7%
Steel/FightingCobalion
66.7%
FlyingTornadus
65.2%
Water/FightingKeldeo
65.2%
Ground/FlyingLandorus
63.7%
Normal/PsychicMeloetta
63%
Flying/ElectricThundurus
62.2%

You're not logged in!

Compare scores with friends on all Sporcle quizzes.
OR
Log In

Show Comments

Extras

Created Feb 24, 2012ReportNominate
Tags:Pokémon Quiz, legendary

Top Quizzes Today


Score Distribution

Your Account Isn't Verified!

In order to create a playlist on Sporcle, you need to verify the email address you used during registration. Go to your Sporcle Settings to finish the process.

Report this User

Report this user for behavior that violates our Community Guidelines.

Details: